Gala 1 OT2023 - Estadísticas

Estadísticas generales
  • Esta prueba ha sido intentada 48 veces
  • La puntuación promedio es 7 de 9
Estadísticas de respuestas
Imagen Hint Respuesta % Correcto
Denna y Violeta PADAM PADAM
90%
Juanjo y Salma A tu vera
88%
Álvaro Mayo y Naiara Para no verte más
88%
Martin y Álex Márquez Tiroteo
88%
Chiara y Paul Thin El Encuentro
74%
Grupal Libertad
74%
Ruslana y Cris Save Your Tears
64%
Omar y Lucas Acalorado
62%
Suzete y Bea Young Hearts Run Free
36%
No se encontraron pruebas coincidentes
Distribución de puntuación
Porcentaje de gente con cada puntuación
Porcentaje por número respondido
Historial de tus puntuaciones
No has intentado esta prueba.